Quiz o Kamilu Stochu - Statystyki

Ogólne statystyki
  • Ten quiz został rozwiązany 17 razy
  • Średni wynik to 12 z 15
Statystyki odpowiedzi
Zagadnienie Odpowiedź % Poprawnych
Jaki jest rekord życiowy w długości lotu Kamila Stocha? 251,5 m
100%
W którym roku urodził się Kamil Stoch? 1987
94%
Kiedy i gdzie Kamil Stoch wygrał swój pierwszy konkurs Pucharu Świata? 23 stycznia 2011 w Zakopanem
94%
Który z poniższych trenerów nie pracował nigdy z Kamilem Stochem? Andreas Widhölzl
94%
Jak na imię ma żona Kamila Stocha? Ewa
94%
W której miejscowości wychowywał się Kamil? Ząb
94%
Ile złotych medali olimpijskich zdobył? 3
88%
Ile razy wygrał konkurs Pucharu Świata? 39
88%
Ile razy zdobył Kryształową Kulę? 2
81%
W którym roku zadebiutował w PŚ? 2004
75%
Ile razy wygrał Turniej Czterech Skoczni? 3
69%
Którego z poniższych zawodów nigdy nie wygrał Kamil? Puchar Świata w lotach
69%
Ile razy został wybrany najlepszym polskim sportowcem w plebiscycie ”Przeglądu Sportowego”? 2
56%
Który Polak najczęściej zajmował miejsce na podium Pucharu Świata ze Stochem? Dawid Kubacki
56%
Który z poniższych trenerów pracował z Kamilem Stochem na początku jego kariery sportowej? Zbigniew Klimowski
50%
Nie znaleziono quizów pasujących do podanych kryteriów
Rozkład punktacji
Procent ludzi z każdym wynikiem
Percentyl według liczby udzielonych odpowiedzi
Twoja historia wyników
Nie rozwiązałeś tego quizu